000 00293nam a2200121Ia 4500
008 241002s9999 xx 000 0 und d
082 _a363.7 ODU
100 _aOdum, Howard T.
245 0 _aEnvironment Power & Society
260 _aNew York:
_c1971
600 _aSocial Sciences
942 _cUC
999 _c18547
_d18547